| 000 | 00521nam a2200169Ia 4500 | ||
|---|---|---|---|
| 005 | 20250423100643.0 | ||
| 008 | 250422s9999 xx 000 0 und d | ||
| 020 | _a1581134355 | ||
| 050 | _aTK 5105.875 .I57 .A25/ | ||
| 245 | 0 | _aProceedings of the First ACM SIGCOMM Internet Measurement Workshop : IMW 2001 : Alliance Francaise, San Francisco, California, USA, November 1-2, 2001 | |
| 260 | _aNew York | ||
| 260 | _bACM Press | ||
| 260 | _cc2001 | ||
| 300 | _a311 p | ||
| 650 | _aInternet_Congresses. | ||
| 942 | _cBK | ||
| 999 |
_c33956 _d33956 |
||